| 000 | 01108cam a22002771 4500 | ||
|---|---|---|---|
| 001 | gs 39000253 | ||
| 003 | DLC | ||
| 005 | 20260227111344.0 | ||
| 008 | 850320s1939 dcuabf 000 0 eng c | ||
| 010 | _ags 39000253 | ||
| 035 | _a(OCoLC)11829522 | ||
| 040 |
_aU.S. Geol. Survey. Library _cTxHR _dDLC |
||
| 042 | _apremarc | ||
| 050 | 0 | 0 |
_aTN805.M9 _bC6 |
| 051 |
_aTN805.M9 _bC6 _cCopy 2. |
||
| 100 | 1 |
_aCollier, Arthur J. _q(Arthur James), _d1866-1939. |
|
| 245 | 1 | 4 |
_aThe coal resources of McCone County, Montana, _cby A. J. Collier and M. M. Knechtel. |
| 260 |
_aWashington, _bU.S. Govt. Print. Off., _c1939. |
||
| 300 |
_avii, 80 p. incl. illus., tables, diagrs. _b16 pl. on 11 l. (incl. fold. maps, fold. diagrs.) _c23 cm. |
||
| 410 | 2 | 0 |
_aGeological Survey (U.S.) _tBulletin _v905 |
| 500 | _aAt head of title: United States Department of the Interior. Geological Survey. | ||
| 500 | _aFolded colored map (pl. 16) in pocket. | ||
| 650 | 0 |
_aCoal mines and mining _zMontana. |
|
| 650 | 0 |
_aGeology _zMontana _zMcCone County. |
|
| 700 | 1 |
_aKnechtel, Maxwell M. _q(Maxwell McMichael), _d1897- _ejoint author. |
|
| 999 |
_c27573 _d27573 |
||